Quy định về hoạt động mua bán hàng hóa quốc tế và các hoạt động đại lý mua, bán, gia công và quá cảnh hàng hóa với nước ngoài
Những quy định chung về xuất khẩu, nhập khẩu hàng hóa…Tạm nhập, tái xuất; tạm xuất, tái nhập; ủy thác, nhận ủy thác xuất khẩu, nhập khẩu hàng hóa và đại lý mua, bán hàng hóa với nước ngoài…...
Guardat en:
| Autor principal: | |
|---|---|
| Format: | Llibre |
| Idioma: | Undetermined |
| Publicat: |
Hà Nội
Nxb. Công Thương
2018
|
| Matèries: | |
| Etiquetes: |
Afegir etiqueta
Sense etiquetes, Sigues el primer a etiquetar aquest registre!
|
| Thư viện lưu trữ: | Trung tâm Học liệu Trường Đại học Cần Thơ |
|---|
| LEADER | 01074nam a2200205Ia 4500 | ||
|---|---|---|---|
| 001 | CTU_227481 | ||
| 008 | 210402s9999 xx 000 0 und d | ||
| 082 | |a 346.59707 | ||
| 082 | |b Ph561 | ||
| 100 | |a Đặng, Thanh Phương | ||
| 245 | 0 | |a Quy định về hoạt động mua bán hàng hóa quốc tế và các hoạt động đại lý mua, bán, gia công và quá cảnh hàng hóa với nước ngoài | |
| 245 | 0 | |c Đặng Thanh Phương (Chủ biên) | |
| 260 | |a Hà Nội | ||
| 260 | |b Nxb. Công Thương | ||
| 260 | |c 2018 | ||
| 520 | |a Những quy định chung về xuất khẩu, nhập khẩu hàng hóa…Tạm nhập, tái xuất; tạm xuất, tái nhập; ủy thác, nhận ủy thác xuất khẩu, nhập khẩu hàng hóa và đại lý mua, bán hàng hóa với nước ngoài… | ||
| 650 | |a Luật thương mại,Commercial law | ||
| 650 | |z Việt Nam,Vietnam | ||
| 910 | |b nthai | ||
| 980 | |a Trung tâm Học liệu Trường Đại học Cần Thơ | ||